[Event "FRA-ch Universities 2019"]
[Site "Paris"]
[Date "2019.02.03"]
[Round "7"]
[White "Lutard, Theo"]
[Black "Kern, Nicolas"]
[Result "*"]
[WhiteElo "2222"]
[BlackElo "2101"]
[Annotator "NA"]
[PlyCount "133"]
[EventDate "2019.02.01"]
[EventType "swiss"]
[EventCountry "FRA"]
[SourceTitle "playchess.com"]
[Source "ChessBase"]
[SourceQuality "1"]
[TimeControl "900+5"]

1. e4 {[%emt 0:00:00]} c5 {[%emt 0:03:46]} 2. Nf3 {[%emt 0:00:00]} e6 {[%emt 0:00:02]} 3. g3 {[%emt 0:00:07]} Nc6 {[%emt 0:00:31]} 4. Bg2 {[%emt 0:00:03]} b5 {[%emt 0:01:18]} (4... Nf6 5. d3 d5 6. Qe2 Be7 7. e5 Nd7 8. c4 b5 9. cxd5 exd5 10. Nc3 Ndb8 11. O-O b4 12. Na4 Bg4 13. Be3 Nd7 14. h3 Be6 {1-0 (43) Adams,M (2712)-Vocaturo,D (2615) Batumi 2018}) 5. d4 {[%emt 0:01:03]} cxd4 {[%emt 0:00:15]} 6. Nxd4 {[%emt 0:00:02] B40: Sicilian: 2...e6, Unusual lines} Nxd4 {[%emt 0:02:16]} 7. Qxd4 {[%emt 0:00:02]} Ne7 $146 {[%emt 0:00:45]} ({Predecessor:} 7... Bb7 8. O-O Ne7 9. Qd3 b4 10. Nd2 Nc6 11. Nc4 Bc5 12. Be3 Bxe3 {1-0 (35) Fontaine,Q (2269)-Grochal,J (2201) Belgium 2017}) 8. Qd3 {[%emt 0:03:15]} b4 {[%emt 0:01:46]} 9. O-O {[%emt 0:01:44]} Nc6 {[%emt 0:00:14]} 10. Nd2 {[%emt 0:01:10]} a5 {[%emt 0:00:35]} 11. Rd1 {[%emt 0:00:16]} Be7 {[%emt 0:01:03]} 12. Nc4 {[%emt 0:01:27]} O-O {[%emt 0:00:02]} 13. Qe3 {[%emt 0:01:26]} Rb8 {[%emt 0:00:54]} 14. e5 {[%emt 0:00:28]} Qc7 {[%emt 0:00:55]} 15. Qf4 {[%emt 0:01:36]} Rb5 {[%emt 0:00:19]} 16. Re1 {[%emt 0:01:06]} Ba6 {[%emt 0:00:01]} 17. b3 {[%emt 0:01:14]} f6 {[%emt 0:00:48]} 18. exf6 {[%emt 0:00:18]} Qxf4 {[%emt 0:00:02]} 19. Bxf4 {[%emt 0:00:03]} Bxf6 {[%emt 0:00:07]} 20. Rad1 {[%emt 0:00:10]} Nd4 {[%emt 0:00:11]} 21. Rd2 $14 {[%emt 0:00:45]} d5 {[%emt 0:00:30]} 22. Ne5 {[%emt 0:00:21]} Rc8 {[%emt 0:00:08]} 23. Rxd4 {[%emt 0:00:05]} Rxc2 {[%emt 0:00:03]} 24. Rd2 {[%emt 0:00:02]} Rc8 {[%emt 0:00:03]} 25. h4 {[%emt 0:00:16]} Rbc5 {[%emt 0:00:02]} 26. Red1 {[%emt 0:00:02]} Rc3 {[%emt 0:00:06]} 27. Bh3 {[%emt 0:00:03]} Re8 {[%emt 0:00:05]} 28. Ng4 {[%emt 0:00:04]} Bd8 {[%emt 0:00:06]} 29. Re1 {[%emt 0:00:02]} Kf7 {[%emt 0:00:06]} 30. Ne5+ {[%emt 0:00:02]} Kg8 {[%emt 0:00:13]} 31. Ng4 {[%emt 0:00:01]} Bc8 {[%emt 0:00:04]} 32. Rxd5 {[%emt 0:00:04]} Rc2 {[%emt 0:00:04]} 33. Rd2 {[%emt 0:00:06]} Rc3 {[%emt 0:00:09]} 34. Be5 {[%emt 0:00:02]} Rf3 {[%emt 0:00:06]} 35. Bg2 {[%emt 0:00:06]} Rf7 {[%emt 0:00:03]} 36. Bf4 {[%emt 0:00:12]} Bb6 {[%emt 0:00:03]} 37. Ne5 {[%emt 0:00:02]} Rfe7 {[%emt 0:00:14]} 38. Nc4 {[%emt 0:00:01]} Bc5 {[%emt 0:00:07]} 39. Nd6 {[%emt 0:00:06]} Rf8 {[%emt 0:00:02]} 40. Nxc8 {[%emt 0:00:05]} Rxc8 41. Bh3 {[%emt 0:00:03]} Kf7 {[%emt 0:00:03]} 42. Bd6 {[%emt 0:00:08]} Rd8 {[%emt 0:00:05]} 43. Bxe7 {[%emt 0:00:06]} Rxd2 {[%emt 0:00:01]} 44. Bxc5 {[%emt 0:00:02]} Rxa2 {[%emt 0:00:01]} 45. Bb6 {[%emt 0:00:02]} a4 {[%emt 0:00:01]} 46. bxa4 Rxa4 {[%emt 0:00:03]} 47. Rb1 {[%emt 0:00:16]} e5 {[%emt 0:00:13]} 48. Bf1 {[%emt 0:00:02]} Ke6 {[%emt 0:00:03]} 49. Bc4+ {[%emt 0:00:03]} Kd6 {[%emt 0:00:01]} 50. Be3 {[%emt 0:00:04]} Kc6 {[%emt 0:00:09]} 51. Bd2 {[%emt 0:00:03]} Kc5 {[%emt 0:00:00]} 52. Bg8 {[%emt 0:00:11]} h6 {[%emt 0:00:03]} 53. Bxb4+ {[%emt 0:00:03]} Kc6 {[%emt 0:00:16]} 54. Bc3 {[%emt 0:00:04]} Re4 {[%emt 0:00:15]} 55. Kg2 {[%emt 0:00:07]} Kc5 56. Kf3 {[%emt 0:00:04]} Ra4 {[%emt 0:00:06]} 57. Bxe5 {[%emt 0:00:03]} Ra8 58. Bh7 {[%emt 0:00:03]} g5 {[%emt 0:00:04]} 59. hxg5 {[%emt 0:00:02]} hxg5 {[%emt 0:00:01]} 60. Kg4 {[%emt 0:00:02]} Kd5 {[%emt 0:00:03]} 61. Re1 {[%emt 0:00:03]} Rf8 {[%emt 0:00:05]} 62. f4 {[%emt 0:00:06]} gxf4 {[%emt 0:00:01]} 63. gxf4 {[%emt 0:00:01]} Rf7 {[%emt 0:00:01]} 64. Bg6 {[%emt 0:00:02]} Ra7 {[%emt 0:00:00]} 65. f5 {[%emt 0:00:03]} Ra4+ {[%emt 0:00:02]} 66. Kg5 {[%emt 0:00:01]} Ra2 {[%emt 0:00:01]} 67. Bf7+ *

[Event "FRA-ch Universities 2019"]
[Site "Paris"]
[Date "2019.02.03"]
[Round "7"]
[White "Viers, Emmanuel"]
[Black "Geronimi, Pierre-Francois"]
[Result "*"]
[WhiteElo "2199"]
[BlackElo "2042"]
[Annotator "NA"]
[PlyCount "120"]
[EventDate "2019.02.01"]
[EventType "swiss"]
[EventCountry "FRA"]
[SourceTitle "playchess.com"]
[Source "ChessBase"]
[SourceQuality "1"]
[TimeControl "900+5"]

1. d4 {[%emt 0:00:00]} g6 {[%emt 0:00:00]} 2. Nc3 {[%emt 0:00:08]} Bg7 {[%emt 0:00:00]} 3. e4 {[%emt 0:00:00]} a6 {[%emt 0:00:04]} 4. Be3 {[%emt 0:00:21]} d6 {[%emt 0:00:02]} 5. Be2 {[%emt 0:00:20]} b5 {[%emt 0:00:03]} 6. a3 {[%emt 0:00:03]} Bb7 {[%emt 0:00:03]} 7. Nf3 {[%emt 0:01:23]} Nd7 {[%emt 0:00:02]} 8. O-O {[%emt 0:00:14]} c5 {[%emt 0:01:28]} 9. Re1 {[%emt 0:01:45]} cxd4 {[%emt 0:01:21]} 10. Bxd4 {[%emt 0:02:26]} Ngf6 {[%emt 0:00:16]} 11. Nd5 {[%emt 0:01:45]} (11. e5 $11 dxe5 12. Nxe5) 11... O-O 12. Nxf6+ Nxf6 {[%emt 0:00:45]} 13. e5 {[%emt 0:00:06]} dxe5 {[%emt 0:01:08]} 14. Bxe5 {[%emt 0:00:01]} Rc8 {[%emt 0:01:15]} 15. c3 {[%emt 0:00:28]} Qb6 {[%emt 0:01:04]} 16. Bd4 {[%emt 0:00:15]} Qc6 {[%emt 0:00:01]} 17. a4 {[%emt 0:00:35]} Nh5 {[%emt 0:05:32]} 18. Bxg7 {[%emt 0:01:09]} Kxg7 {[%emt 0:00:01]} 19. axb5 {[%emt 0:00:18]} axb5 {[%emt 0:00:01]} 20. Qd4+ {[%emt 0:01:03]} Kg8 {[%emt 0:00:01]} 21. Qb4 {[%emt 0:00:02]} Qf6 {[%emt 0:00:22]} 22. Qxb5 {[%emt 0:00:29]} Rb8 {[%emt 0:00:09]} 23. Qd3 {[%emt 0:02:23]} Nf4 {[%emt 0:00:07]} 24. Qe3 {[%emt 0:00:10]} Nxe2+ {[%emt 0:00:39]} 25. Rxe2 {[%emt 0:00:02]} e6 {[%emt 0:00:13]} 26. Nd4 {[%emt 0:00:19]} Bd5 {[%emt 0:00:21]} 27. b4 {[%emt 0:00:30]} Rfc8 $16 {[%emt 0:00:04]} 28. Rc1 {[%emt 0:00:16]} h5 {[%emt 0:00:42]} 29. f3 {[%emt 0:00:01]} Kh7 {[%emt 0:00:22]} 30. Rec2 {[%emt 0:00:05]} Bc4 {[%emt 0:00:36]} 31. Ne2 {[%emt 0:00:02]} Qf5 {[%emt 0:00:24]} 32. Ng3 {[%emt 0:00:11]} Qb5 {[%emt 0:00:21]} 33. Ne4 {[%emt 0:00:11]} Qb6 {[%emt 0:00:03]} 34. Nc5 {[%emt 0:00:28]} Rd8 {[%emt 0:00:08]} 35. Rd2 {[%emt 0:00:19]} Rxd2 {[%emt 0:00:07]} 36. Qxd2 {[%emt 0:00:01]} Rd8 {[%emt 0:00:00]} 37. Qe3 {[%emt 0:00:01]} Qc7 {[%emt 0:00:13]} 38. Re1 {[%emt 0:00:01]} Bb5 {[%emt 0:00:03]} 39. Qe4 {[%emt 0:00:11]} Bc6 {[%emt 0:00:05]} 40. Qe5 {[%emt 0:00:03]} Qxe5 {[%emt 0:00:07]} 41. Rxe5 {[%emt 0:00:01]} Rd2 {[%emt 0:00:00]} 42. Ne4 {[%emt 0:00:10]} Rc2 {[%emt 0:00:06]} 43. Rc5 {[%emt 0:00:01]} Bd5 {[%emt 0:00:06]} 44. Nf6+ {[%emt 0:00:02]} Kg7 {[%emt 0:00:00]} 45. Nxd5 {[%emt 0:00:01]} exd5 {[%emt 0:00:01]} 46. b5 {[%emt 0:00:10]} Kf6 {[%emt 0:00:05]} 47. b6 {[%emt 0:00:09]} Rb2 {[%emt 0:00:08]} 48. Rxd5 {[%emt 0:00:02]} Rxb6 {[%emt 0:00:01]} 49. Rd1 {[%emt 0:00:01]} Ke5 {[%emt 0:00:05]} 50. Rd2 {[%emt 0:00:10]} Rc6 {[%emt 0:00:08]} 51. Rc2 {[%emt 0:00:02]} Kd5 {[%emt 0:00:01]} 52. Kf2 {[%emt 0:00:02]} Kc4 {[%emt 0:00:01]} 53. Ke3 {[%emt 0:00:03]} Rf6 {[%emt 0:00:21]} 54. Rc1 {[%emt 0:00:10]} Rf5 {[%emt 0:00:02]} 55. Ke4 {[%emt 0:00:03]} Rg5 {[%emt 0:00:01]} 56. g3 {[%emt 0:00:03]} Rd5 {[%emt 0:00:02]} 57. h3 {[%emt 0:00:12]} g5 {[%emt 0:00:14]} 58. f4 {[%emt 0:00:09]} f5+ {[%emt 0:00:01]} 59. Kf3 {[%emt 0:00:11]} Rd3+ {[%emt 0:00:01]} 60. Kf2 {[%emt 0:00:01]} gxf4 {[%emt 0:00:02]} *

[Event "FRA-ch Universities 2019"]
[Site "Paris"]
[Date "2019.02.03"]
[Round "7"]
[White "Grezels, Florian"]
[Black "Devallee, Jeremie"]
[Result "0-1"]
[WhiteElo "2194"]
[BlackElo "2317"]
[Annotator "NA"]
[PlyCount "215"]
[EventDate "2019.02.01"]
[EventType "swiss"]
[EventCountry "FRA"]
[SourceTitle "playchess.com"]
[Source "ChessBase"]
[SourceQuality "1"]
[TimeControl "900+5"]

1. e4 {[%emt 0:00:00]} c5 {[%emt 0:00:02]} 2. Nf3 {[%emt 0:00:00]} d6 {[%emt 0:00:01]} ({Predecessor:} 2... Nc6 3. d4 cxd4 4. Nxd4 d6 5. Nc3 g6 6. Be3 Bg7 7. Qd2 Nf6 8. f3 {0-1 (34) Warchol,K (1492)-Orujov,F (1692) Riga 2018}) 3. d4 {[%emt 0:00:01]} cxd4 {[%emt 0:00:01]} 4. Nxd4 {[%emt 0:00:02]} Nf6 {[%emt 0:00:02]} 5. Nc3 {[%emt 0:00:01]} g6 {[%emt 0:00:01]} 6. Be3 {[%emt 0:00:01]} Bg7 {[%emt 0:00:01]} 7. f3 {[%emt 0:00:03]} O-O $146 {[%emt 0:00:02]} (7... Nc6) 8. Qd2 {[%emt 0:00:01]} Nc6 {[%emt 0:00:01]} 9. g4 {[%emt 0:00:01]} ({Predecessor:} 9. O-O-O Nxd4 10. Bxd4 Be6 {0-1 (34) Warchol,K (1492)-Orujov,F (1692) Riga 2018}) 9... Nxd4 {[%emt 0:00:02]} (9... Be6 10. O-O-O Nxd4 {½-½ (31) Dvoirys,S (2578)-Forster,R (2446) Jerusalem 2015}) 10. Bxd4 {[%emt 0:00:01]} Be6 {[%emt 0:00:02]} 11. O-O-O {[%emt 0:00:03]} Qa5 {[%emt 0:00:42]} 12. a3 {[%emt 0:00:11]} Rab8 {[%emt 0:00:07]} 13. h4 {[%emt 0:00:02]} b5 {[%emt 0:00:02] B76: Sicilian Dragon: Yugoslav Attack, 9 g4 and 9 0-0-0} 14. h5 (14. Nd5 $11 Qxd2+ 15. Rxd2 Bxd5 16. Bxf6 (16. exd5 a6 $11 (16... a5 17. c3 Nd7 18. Bxg7 Kxg7 19. Rd4 Nc5 20. Kc2 Rfc8 21. Rh2 Rb6 22. Kb1 e5 23. dxe6 fxe6 24. Rc2 Nb3 25. Rd1 d5 26. Re1 Rf8 27. Re3 Rf4 28. Be2 a4 29. Bd1 Na5 30. Rh2 Nc4 31. Re1 {½-½ (31) Dvoirys,S (2578)-Forster,R (2446) Jerusalem 2015})) 16... Bxf6 17. Rxd5) 14... b4 {[%emt 0:00:55]} 15. Nb1 {[%emt 0:05:40]} Rfc8 {[%emt 0:01:08]} 16. hxg6 {[%emt 0:00:47]} hxg6 {[%emt 0:03:17]} 17. g5 {[%emt 0:01:03]} ({Predecessor:} 17. Bd3 Qa4 18. Rh4 bxa3 19. Nxa3 Qxd4 20. c3 Nd7 21. f4 {0-1 (34) Warchol,K (1492)-Orujov,F (1692) Riga 2018}) 17... Nh5 {[%emt 0:00:19]} 18. Bxg7 {[%emt 0:00:46]} Kxg7 {[%emt 0:00:07]} 19. Bh3 {[%emt 0:00:27]} Qa4 {[%emt 0:02:01]} 20. Bxe6 {[%emt 0:00:54]} fxe6 {[%emt 0:00:03]} 21. Rh2 {[%emt 0:02:28]} Qb3 {[%emt 0:01:27]} 22. axb4 {[%emt 0:01:30]} Rxb4 {[%emt 0:00:49]} 23. c3 {[%emt 0:00:07]} Ra4 {[%emt 0:00:59]} 24. Qc2 {[%emt 0:00:47]} Qb5 {[%emt 0:00:02]} 25. Rdh1 {[%emt 0:00:50]} Qxg5+ {[%emt 0:00:17]} 26. Kd1 {[%emt 0:00:15]} Qe3 {[%emt 0:00:35]} 27. Qxa4 {[%emt 0:00:21]} Qxf3+ {[%emt 0:00:01]} 28. Kc1 {[%emt 0:00:04]} Ng3 {[%emt 0:00:51]} 29. Qd1 {[%emt 0:00:35]} Qxe4 {[%emt 0:00:37]} 30. Rh7+ {[%emt 0:00:12]} Kf6 {[%emt 0:00:01]} 31. Rf1+ {[%emt 0:00:07]} Nxf1 {[%emt 0:00:21]} 32. Qxf1+ {[%emt 0:00:01]} Qf5 {[%emt 0:00:00]} 33. Qg1 {[%emt 0:00:07]} Rc5 {[%emt 0:00:34]} 34. Rh2 {[%emt 0:00:07]} (34. Nd2 $18 Qf4 35. Rh8) 34... Kg7 {[%emt 0:00:44]} 35. Rf2 {[%emt 0:00:03]} Qd3 {[%emt 0:00:10]} 36. Rd2 {[%emt 0:00:06]} Qf5 {[%emt 0:00:19]} 37. Na3 {[%emt 0:00:03]} Qf6 {[%emt 0:00:15]} 38. Nc2 {[%emt 0:00:05]} Rf5 {[%emt 0:00:01]} 39. Rd1 {[%emt 0:00:06]} Rf2 {[%emt 0:00:02]} 40. Qg3 {[%emt 0:00:11]} e5 {[%emt 0:00:09]} 41. Qe3 {[%emt 0:00:07]} a5 {[%emt 0:00:08]} 42. Ne1 {[%emt 0:00:03]} a4 {[%emt 0:00:13]} 43. Nd3 {[%emt 0:00:06]} Rf3 {[%emt 0:00:02]} 44. Qd2 {[%emt 0:00:05]} a3 {[%emt 0:00:12]} 45. bxa3 {[%emt 0:00:07]} e4 {[%emt 0:00:00]} 46. Nb2 {[%emt 0:00:05]} Rxc3+ {[%emt 0:00:01]} 47. Kb1 {[%emt 0:00:03]} Rxa3 {[%emt 0:00:14]} 48. Qb4 {[%emt 0:00:06]} Re3 {[%emt 0:01:10]} 49. Nc4 {[%emt 0:00:01]} Re2 {[%emt 0:00:07]} 50. Nb6 {[%emt 0:00:08]} Qf3 {[%emt 0:00:17]} 51. Qd4+ {[%emt 0:00:06]} Kf7 {[%emt 0:00:05]} 52. Qd5+ {[%emt 0:00:04]} Kg7 {[%emt 0:00:01]} 53. Qd4+ {[%emt 0:00:01]} Kf7 {[%emt 0:00:05]} 54. Qd5+ {[%emt 0:00:00]} Kg7 {[%emt 0:00:01]} 55. Qd4+ {[%emt 0:00:03]} Kh7 {[%emt 0:00:04]} 56. Qd5 {[%emt 0:00:12]} Re3 {[%emt 0:00:10]} 57. Na4 {[%emt 0:00:12]} Rb3+ {[%emt 0:00:07]} 58. Nb2 {[%emt 0:00:01]} Qc3 {[%emt 0:00:14]} 59. Rh1+ {[%emt 0:00:05]} Kg7 {[%emt 0:00:00]} 60. Rh2 {[%emt 0:00:09]} e3 {[%emt 0:00:02]} 61. Qe4 {[%emt 0:00:06]} e5 {[%emt 0:00:21]} 62. Qd5 {[%emt 0:00:05]} Rb6 {[%emt 0:00:09]} 63. Qd1 {[%emt 0:00:05]} Qb3 {[%emt 0:00:06]} 64. Qh1 {[%emt 0:00:05]} Qd3+ {[%emt 0:00:05]} 65. Rc2 {[%emt 0:00:05]} e2 {[%emt 0:00:06]} 66. Qe1 {[%emt 0:00:05]} Qd1+ {[%emt 0:00:02]} 67. Rc1 {[%emt 0:00:04]} Qd3+ {[%emt 0:00:04]} 68. Rc2 {[%emt 0:00:05]} Qd1+ {[%emt 0:00:10]} 69. Rc1 {[%emt 0:00:00]} Qxe1 {[%emt 0:00:07]} 70. Rxe1 {[%emt 0:00:01]} d5 {[%emt 0:00:04]} 71. Rxe2 {[%emt 0:00:01]} Kf6 {[%emt 0:00:00]} 72. Kc2 {[%emt 0:00:01]} e4 {[%emt 0:00:05]} 73. Nd1 {[%emt 0:00:15]} Ke5 {[%emt 0:00:03]} 74. Rg2 {[%emt 0:00:05]} d4 {[%emt 0:00:03]} 75. Nb2 {[%emt 0:00:09]} Rc6+ {[%emt 0:00:01]} 76. Kd2 {[%emt 0:00:06]} Kf4 {[%emt 0:00:00]} 77. Rf2+ {[%emt 0:00:05]} Kg3 {[%emt 0:00:02]} 78. Rf7 {[%emt 0:00:07]} g5 {[%emt 0:00:05]} 79. Re7 {[%emt 0:00:05]} Kf4 {[%emt 0:00:03]} 80. Rf7+ {[%emt 0:00:01]} Ke5 {[%emt 0:00:10]} 81. Re7+ {[%emt 0:00:05]} Kf5 {[%emt 0:00:01]} 82. Rf7+ {[%emt 0:00:04]} Ke6 {[%emt 0:00:01]} 83. Rf8 {[%emt 0:00:06]} Rc3 {[%emt 0:00:03]} 84. Nd1 {[%emt 0:00:07]} Rh3 {[%emt 0:00:07]} 85. Re8+ {[%emt 0:00:05]} Kf5 {[%emt 0:00:05]} 86. Rf8+ {[%emt 0:00:04]} Kg6 {[%emt 0:00:08]} 87. Rg8+ {[%emt 0:00:01]} Kf6 {[%emt 0:00:03]} 88. Rd8 {[%emt 0:00:10]} Rh2+ {[%emt 0:00:02]} 89. Ke1 {[%emt 0:00:00]} Ke5 {[%emt 0:00:01]} 90. Re8+ {[%emt 0:00:07]} Kd5 {[%emt 0:00:03]} 91. Rd8+ {[%emt 0:00:02]} Kc4 {[%emt 0:00:01]} 92. Rc8+ {[%emt 0:00:06]} Kd5 {[%emt 0:00:29]} 93. Rd8+ {[%emt 0:00:01]} Ke5 {[%emt 0:00:00]} 94. Re8+ {[%emt 0:00:00]} Kf4 {[%emt 0:00:03]} 95. Rf8+ $11 {[%emt 0:00:07]} Kg3 {[%emt 0:00:05]} 96. Rd8 {[%emt 0:00:18]} d3 {[%emt 0:00:05]} 97. Nc3 {[%emt 0:00:06]} Kf3 {[%emt 0:00:06]} 98. Rf8+ {[%emt 0:00:05]} Ke3 {[%emt 0:00:02]} 99. Nd5+ {[%emt 0:00:04]} Kd4 {[%emt 0:00:01]} 100. Nf6 {[%emt 0:00:06]} e3 {[%emt 0:00:05]} 101. Rd8+ {[%emt 0:00:02]} Kc4 {[%emt 0:00:04]} 102. Rc8+ {[%emt 0:00:03]} Kb5 {[%emt 0:00:00]} 103. Rb8+ {[%emt 0:00:06]} Ka6 {[%emt 0:00:05]} 104. Kf1 {[%emt 0:00:09]} Rf2+ {[%emt 0:00:01]} 105. Kg1 {[%emt 0:00:05]} Rxf6 {[%emt 0:00:03]} 106. Re8 {[%emt 0:00:05]} e2 {[%emt 0:00:05]} 107. Kg2 {[%emt 0:00:05]} Rf1 {[%emt 0:00:02]} 108. Re6+ 0-1

[Event "FRA-ch Universities 2019"]
[Site "Paris"]
[Date "2019.02.03"]
[Round "7"]
[White "Ribiere, Damien"]
[Black "Brethes, Francois"]
[Result "1/2-1/2"]
[WhiteElo "2042"]
[BlackElo "2267"]
[Annotator "ChessBase"]
[PlyCount "115"]
[EventDate "2019.02.01"]
[EventType "swiss"]
[EventCountry "FRA"]
[SourceTitle "playchess.com"]
[Source "ChessBase"]
[SourceQuality "1"]
[TimeControl "900+5"]

1. e4 {[%emt 0:00:00]} g6 {[%emt 0:00:01]} 2. Nc3 {[%emt 0:00:02]} Bg7 {[%emt 0:00:02]} 3. a3 {[%emt 0:00:03]} d6 {[%emt 0:00:41]} 4. Bc4 {[%emt 0:00:02]} Nf6 {[%emt 0:00:06]} 5. Ba2 {[%emt 0:00:04]} c5 {[%emt 0:00:38]} 6. d3 {[%emt 0:00:03]} Nc6 {[%emt 0:00:01]} 7. Nge2 {[%emt 0:00:03]} e5 {[%emt 0:03:58]} 8. O-O {[%emt 0:00:17]} Be6 {[%emt 0:00:01]} 9. f4 {[%emt 0:02:25]} Bxa2 {[%emt 0:00:07]} 10. Rxa2 {[%emt 0:00:02]} exf4 {[%emt 0:01:09]} 11. Bxf4 {[%emt 0:00:17]} Nh5 {[%emt 0:00:13]} 12. Be3 {[%emt 0:02:16]} O-O {[%emt 0:01:19]} 13. Nd5 {[%emt 0:00:25]} Ne5 {[%emt 0:00:44]} 14. h3 {[%emt 0:00:41]} Qh4 {[%emt 0:00:39]} 15. Qd2 {[%emt 0:00:59]} Ng3 {[%emt 0:02:25]} 16. Nxg3 {[%emt 0:00:25]} Qxg3 {[%emt 0:00:01]} 17. Kh1 {[%emt 0:03:15]} Nd7 {[%emt 0:01:04]} 18. Bf4 {[%emt 0:01:07]} Qh4 {[%emt 0:00:01]} 19. Bxd6 {[%emt 0:00:12]} Be5 {[%emt 0:01:01]} 20. Bxe5 {[%emt 0:00:52]} Nxe5 {[%emt 0:00:02]} 21. Nf6+ {[%emt 0:00:01]} Kg7 {[%emt 0:00:04]} 22. Raa1 {[%emt 0:00:43]} Rfd8 {[%emt 0:00:02]} 23. Rf4 {[%emt 0:00:50]} Qg3 {[%emt 0:00:43]} 24. Raf1 {[%emt 0:00:12]} b6 {[%emt 0:00:02]} 25. Ng4 {[%emt 0:00:44]} Nxg4 {[%emt 0:00:02]} 26. Rxf7+ {[%emt 0:00:24]} Kg8 {[%emt 0:00:06]} 27. hxg4 {[%emt 0:00:04]} Rf8 {[%emt 0:00:30]} 28. Rxf8+ {[%emt 0:00:27]} Rxf8 {[%emt 0:00:01]} 29. Rxf8+ {[%emt 0:00:04]} Kxf8 {[%emt 0:00:01]} 30. Qg5 {[%emt 0:00:04]} Kg7 {[%emt 0:00:18]} 31. e5 {[%emt 0:00:08]} h5 {[%emt 0:00:34]} 32. Qf6+ {[%emt 0:00:07]} Kh7 {[%emt 0:00:00]} 33. Qf7+ {[%emt 0:00:03]} Kh6 {[%emt 0:00:01]} 34. Qf8+ {[%emt 0:00:09]} Kg5 {[%emt 0:00:10]} 35. Qf6+ {[%emt 0:00:10]} Kh6 {[%emt 0:00:01]} 36. gxh5 {[%emt 0:00:09]} Kxh5 {[%emt 0:00:06]} 37. Qh8+ {[%emt 0:00:01]} Kg5 {[%emt 0:00:12]} 38. Qf6+ {[%emt 0:00:05]} Kh6 {[%emt 0:00:05]} 39. e6 {[%emt 0:00:02]} Qd6 {[%emt 0:00:28]} 40. Qf7 {[%emt 0:00:10]} Qe5 {[%emt 0:00:06]} 41. Qf8+ {[%emt 0:00:05]} Kg5 {[%emt 0:00:02]} 42. Qd8+ {[%emt 0:00:09]} Kg4 43. Qf8 {[%emt 0:00:07]} Qxe6 {[%emt 0:00:17]} 44. Qf3+ {[%emt 0:00:01]} Kg5 {[%emt 0:00:01]} 45. Qg3+ {[%emt 0:00:01]} Kf6 {[%emt 0:00:06]} 46. Kh2 {[%emt 0:00:02]} g5 {[%emt 0:00:10]} 47. Qf3+ {[%emt 0:00:02]} Kg6 {[%emt 0:00:01]} 48. Qe4+ {[%emt 0:00:00]} Qxe4 {[%emt 0:00:02]} 49. dxe4 {[%emt 0:00:01]} Kf6 {[%emt 0:00:00]} 50. Kg3 Ke5 51. Kf3 {[%emt 0:00:01]} Kd4 {[%emt 0:00:07]} 52. c3+ {[%emt 0:00:01]} Ke5 {[%emt 0:00:06]} 53. Ke3 {[%emt 0:00:01]} g4 {[%emt 0:00:07]} 54. g3 {[%emt 0:00:00]} c4 {[%emt 0:00:02]} 55. a4 {[%emt 0:00:09]} a5 {[%emt 0:00:10]} 56. Kd2 {[%emt 0:00:06]} Kxe4 57. Ke2 Kd5 {[%emt 0:00:07]} 58. Kd2 {[%emt 0:00:12]} 1/2-1/2

[Event "FRA-ch Universities 2019"]
[Site "Paris"]
[Date "2019.02.03"]
[Round "7"]
[White "Fines, Adrien"]
[Black "Toure, Vasanth"]
[Result "0-1"]
[WhiteElo "1756"]
[BlackElo "2064"]
[Annotator "NA"]
[PlyCount "83"]
[EventDate "2019.02.01"]
[EventType "swiss"]
[EventCountry "FRA"]
[SourceTitle "playchess.com"]
[Source "ChessBase"]
[SourceQuality "1"]
[TimeControl "900+5"]

1. c4 {[%emt 0:00:00]} Nf6 {[%emt 0:00:02]} 2. g3 {[%emt 0:00:00]} e6 {[%emt 0:00:01]} 3. Bg2 {[%emt 0:00:00]} d5 {[%emt 0:00:01]} 4. Nf3 {[%emt 0:00:01]} Be7 {[%emt 0:00:12]} 5. O-O {[%emt 0:00:03]} O-O {[%emt 0:00:03]} 6. b3 {[%emt 0:00:02]} c6 {[%emt 0:01:56]} 7. Bb2 {[%emt 0:00:02]} Re8 {[%emt 0:00:14]} 8. d3 {[%emt 0:00:30]} Nbd7 {[%emt 0:00:42]} 9. Nbd2 {[%emt 0:00:02]} b5 {[%emt 0:00:35]} 10. e4 {[%emt 0:00:09]} bxc4 {[%emt 0:00:16]} 11. bxc4 {[%emt 0:00:03]} Nc5 {[%emt 0:01:00]} 12. e5 {[%emt 0:02:17]} Nfd7 {[%emt 0:00:01]} 13. d4 {[%emt 0:00:28]} Nd3 {[%emt 0:00:35]} 14. Bc3 {[%emt 0:00:02]} Ba6 {[%emt 0:00:36]} 15. Qa4 {[%emt 0:01:12]} (15. Ne1 $5 {[%cal Re1d3]} dxc4 16. Bxc6 $14) 15... Qc8 {[%emt 0:00:00]} 16. Rfd1 {[%emt 0:02:03]} Nb6 {[%emt 0:00:10]} 17. Qa5 $17 {[%emt 0:01:13]} c5 {[%emt 0:05:01]} 18. cxd5 {[%emt 0:00:36]} Nxd5 {[%emt 0:00:15]} 19. Ne4 {[%emt 0:02:34]} cxd4 {[%emt 0:00:56]} 20. Bxd4 {[%emt 0:00:59]} Bb4 {[%emt 0:00:10]} 21. Qa4 {[%emt 0:00:02]} Nb6 {[%emt 0:00:46]} 22. Bxb6 {[%emt 0:01:00]} axb6 {[%emt 0:00:41]} 23. Rxd3 {[%emt 0:00:04]} Bxd3 {[%emt 0:00:04]} 24. Qxb4 {[%emt 0:00:02]} Bxe4 {[%emt 0:00:38]} 25. Qxe4 {[%emt 0:00:02]} Qc3 {[%emt 0:00:01]} 26. Rb1 {[%emt 0:01:30]} Rxa2 {[%emt 0:00:25]} 27. Ng5 {[%emt 0:00:04]} h6 {[%emt 0:00:56]} 28. Qh7+ {[%emt 0:01:14]} Kf8 {[%emt 0:00:01]} 29. Nf3 {[%emt 0:00:25]} Qc2 {[%emt 0:00:29]} 30. Qxc2 {[%emt 0:00:02]} Rxc2 {[%emt 0:00:01]} 31. Rxb6 {[%emt 0:00:06]} Rd8 {[%emt 0:00:06]} 32. Bf1 {[%emt 0:00:08]} g5 {[%emt 0:00:12]} 33. h3 {[%emt 0:00:10]} Rc3 {[%emt 0:00:01]} 34. Kg2 {[%emt 0:00:02]} Rd5 {[%emt 0:00:05]} 35. Rb8+ {[%emt 0:00:11]} Kg7 {[%emt 0:00:02]} 36. Rb7 {[%emt 0:00:08]} Kg6 {[%emt 0:00:21]} 37. g4 {[%emt 0:00:26]} Rd1 {[%emt 0:00:06]} 38. Rb2 {[%emt 0:00:04]} Rxf1 {[%emt 0:00:06]} 39. Kxf1 {[%emt 0:00:05]} Rxf3 {[%emt 0:00:01]} 40. Kg2 {[%emt 0:00:01]} Rd3 {[%emt 0:00:04]} 41. f3 {[%emt 0:00:04]} h5 {[%emt 0:00:04]} 42. Re2 0-1